System dynamics (Record no. 42903)

MARC details
000 -LEADER
fixed length control field 00354nam a2200157Ia 4500
020 ## - INTERNATIONAL STANDARD BOOK NUMBER
ISBN 0- 13- 880385- 4
050 ## - CALL MARK
Classification number TA342.035/
100 ## - STATEMENT OF RESPONSIBILITY--MAIN AUTHOR NAME
Personal name Katsuhiko Ogata
245 #0 - TITLE STATEMENT
Title System dynamics
260 ## - PUBLICATION, DISTRIBUTION, ETC. (IMPRINT)
Name of publisher Prentice- Hall
260 ## - PUBLICATION, DISTRIBUTION, ETC. (IMPRINT)
Year of publication 1978
300 ## - PHYSICAL DESCRIPTION
Number of Pages 596 p
942 ## - ADDED ENTRY ELEMENTS (KOHA)
Koha item type Books

No items available.